Bienvenue à la Médiathèque de Saint-Andiol
banniere
Accueil Recherche avancée Mon compte
handi1 Rechercher dans le catalogue

Filtre   Mots-clés
  Recherche avancée
 
Lister les dernières nouveautés
 
Lister les livres GROS CARACTERES
 
Lister les périodiques (magazines)

handi1 Spring girls

Book Cover
Auteur principal : Anna Todd
Autres auteurs : Claire Sarradel
Titre : Spring girls
Support : Livres
Langue : Francais
Publié : 2017 Hugo Roman Paris
Genre : Roman
Collection : New romance
Sujets :
Étiquettes :
Pas de tags
LEADER 00952nam0a2200229 450
001 16865725
010 |a 978-2-7556-3607-9  |b br.  |d 17 € 
100 |a 20171114d2017 u u0frey01 ba 
101 1 |a fre  |c fre 
102 |a FR 
200 0 |a Spring girls  |f Anna Todd  |g traduit de l'américain par Claire Sarradel 
207 1 |a   
210 |a Paris  |c Hugo Roman  |d 2017 
215 |a 1 vol. (470 p.)  |d 21 x 13 cm 
225 1 |a New romance  |x 2275-6345 
330 |a L'histoire des quatre filles de l'officier Spring, parti en mission en Irak, et leur mère, Meredith, qui vivent sur la base militaire de Fort Cyprus, en Louisiane. Une relecture contemporaine des Quatre filles du docteur March, de Louisa May Alcott. 
606 0 |a Littérature américaine 
700 0 |a Todd  |b Anna  |4 70 
702 0 |a Sarradel  |b Claire  |4 730 
900 |a Roman 
901 |a Adultes 
995 |a Médiathèque  |c Médiathèque  |f 00156009977315  |h 00156009977315  |k R TOD  |o p  |q a  |r az  |e Médiathèque